000 00999cam a2200313 4500
008 090401t1992 xxu||||| |||| 00| 0 eng d
020 _a0713469196
035 _a(Sirsi) u40361
041 _aeng
050 _a696.9
110 _aArchitecture et Climat
_9453
245 _aEnergy conscious design: a primer for architects.
260 _aLondon
_bBatsford
_c1992
300 _a135p. : ill. ; 30cm.
350 _a25
490 _aEUR
_v13445
520 _aPublished for the Commission of the European Communities.
650 _aBUILT ENVIRONMENT-CONSTRUCTION DESIGN
650 _aENERGY EFFICIENCY
650 _aEUROPEAN COMMUNITIES COMMISSION
650 _aPASSIVE SOLAR BUILDINGS
650 _aSOLAR ENERGY
650 _aUNIVERSITE CATHOLIQUE DE LOUVAIN
690 _aENVIRONMENTAL AND LAND CONSULTANCY-ENERGY
700 _aGoulding, John R. ; Lewis, J. Owen & Steemers, Theo C.,
_xEditor
710 _aUniversity College Dublin
_9460
942 _n0
948 _c04/03/1997
999 _c90855
_d90855